000 01118nam a2200313 a 4500
999 _c455581
_d455581
003 BLK
005 20241129121610.0
008 180411b bul|||||r ||||||| ||bul||
010 _aKNG00187665000
020 _a9789542838616
040 _aBLK
041 _aBUL
_cBUL
080 _aРелигиозни теми в народни вярвания
_b398.3:22
_x(497.2)
_z398.3:22(497.2)
100 1 _aБуковски, Христо Димитров
_eпърви автор
_9242633
139 _aБуковски, Христо Димитров
_bБ 85
245 1 0 _aТайните за змейовете
_bПроизход и наследство
_cХристо Буковски.
257 _aBGR
260 _bСиела Норма
_c2022
_aСофия
300 _a375 с.
_bсъс сн.
_c23 см
380 _a3
504 _a370-375 с.
650 0 _aНародни вярвания, български
_9249706
653 7 _aзмейове
_9187032
653 7 _aмитология
_9191146
856 4 _qpdf
856 4 _qpdf
942 _cKNG
_n0
_021
_s1
944 _k30546
_lРенета Константинова